Guzior - PLEŚŃ - Statystyki

Ogólne statystyki
  • Ten quiz został rozwiązany 32 razy
  • Średni wynik to 8 z 10
Statystyki odpowiedzi
Numer Tytuł Gość % Poprawnych
2 BLUEBERRY
97%
6 FALA Oskar83
93%
10 FALA (SEQUEL)
93%
3 TRAPSTAR
80%
4 BOILER ROOM Kukon
77%
8 KUSHKOMA
77%
9 SOWA Szpaku
73%
1 ZAKAS
70%
7 2018
67%
5 WTC
60%
Nie znaleziono quizów pasujących do podanych kryteriów
Rozkład punktacji
Procent ludzi z każdym wynikiem
Percentyl według liczby udzielonych odpowiedzi
Twoja historia wyników
Nie rozwiązałeś tego quizu